000 00584nam a22001817a 4500
999 _c57538
_d57538
005 20200702143148.0
008 200702s2017 eng||||| |||| 00| 0 enk d
020 _a9788131533604
041 _aeng
080 _a004.738 H-57
100 _a Hebbar, H. Ganapathy
_99025
245 _aIntroduction To Digital Switching System
264 _aAndover :
_bCENGAGE INDIA,
_c2017.
300 _a272 p.
_b25 cm.
653 _aშესავალი ციფრული გადართვის სისტემაში
653 _aინჟინერია
942 _2udc
_cBK